Основы микропроцессорной техники: электронный курс

Detalles Bibliográficos
Autor Principal: Торгаев С. Н. Станислав Николаевич
Autor Corporativo: Национальный исследовательский Томский политехнический университет (ТПУ) Институт неразрушающего контроля (ИНК) Кафедра промышленной и медицинской электроники (ПМЭ)
Summary:Заглавие с экрана
Курс посвящен изучению принципов работы и изучению архитектуры микропроцессоров и микроконтроллеров. А также принципов построения приборов с использованием микроконтроллеров.
Доступ по логину и паролю
Idioma:ruso
Publicado: Томск, TPU Moodle, 2015
Subjects:
Acceso en liña:https://design.lms.tpu.ru/course/view.php?id=732
Formato: Electrónico Libro
KOHA link:https://koha.lib.tpu.ru/cgi-bin/koha/opac-detail.pl?biblionumber=651879

MARC

LEADER 00000nlm0a2200000 4500
001 651879
005 20240124104003.0
035 |a (RuTPU)RU\TPU\network\17142 
035 |a RU\TPU\network\17140 
090 |a 651879 
100 |a 20161124d2015 m y0rusy50 ca 
101 0 |a rus 
102 |a RU 
105 |a a j 000zy 
135 |a jrcn ---uucaa 
181 0 |a i  
182 0 |a b 
200 1 |a Основы микропроцессорной техники  |e электронный курс  |f С. Н. Торгаев  |g Национальный исследовательский Томский политехнический университет (ТПУ), Институт неразрушающего контроля (ИНК), Кафедра промышленной и медицинской электроники (ПМЭ) 
203 |a Текст  |c электронный 
210 |a Томск  |c TPU Moodle  |d 2015 
300 |a Заглавие с экрана 
330 |a Курс посвящен изучению принципов работы и изучению архитектуры микропроцессоров и микроконтроллеров. А также принципов построения приборов с использованием микроконтроллеров. 
333 |a Доступ по логину и паролю 
606 1 |a Микропроцессоры  |2 stltpush  |3 (RuTPU)RU\TPU\subj\43715  |9 63175 
610 1 |a электронный ресурс 
610 1 |a труды учёных ТПУ 
610 1 |a электронное обучение 
610 1 |a электронные курсы ТПУ 
610 1 |a микроконтроллеры 
610 1 |a микропроцессоры 
610 1 |a Ассемблер 
610 1 |a прерывания 
610 1 |a электронные учебные пособия 
610 1 |a учебные пособия 
675 |a 004.31(075.8)  |v 4 
700 1 |a Торгаев  |b С. Н.  |c специалист в области электроники  |c доцент Томского политехнического университета, кандидат физико-математических наук  |c младший научный сотрудник Института оптики атмосферы СО РАН  |f 1984-  |g Станислав Николаевич  |3 (RuTPU)RU\TPU\pers\25908  |9 11759 
712 0 2 |a Национальный исследовательский Томский политехнический университет (ТПУ)  |b Институт неразрушающего контроля (ИНК)  |b Кафедра промышленной и медицинской электроники (ПМЭ)  |3 (RuTPU)RU\TPU\col\18719 
801 2 |a RU  |b 63413507  |c 20220128  |g RCR 
856 4 |u https://design.lms.tpu.ru/course/view.php?id=732 
942 |c CF